000 00558nam a22001697a 4500
999 _c12001
_d12001
008 190115b ||||| |||| 00| 0 eng d
020 _a97155-0234-2
082 _21997
_aDFil 899.21103
_bG99
100 _aGuzman, Gloria V.
_934056
245 _aHuling karangyaan /
_cGloria V. Guzman
260 _aQuezon City:
_bADMU Press,
_c1997
300 _aPages 98-117;
_c18 cm.
500 _aDamdamin ni Corazon at iba pang mga Kuwento
650 _aWomen -- literary collections
_934057
650 _aPhilippine short stories (Filipino)
_934058
942 _2ddc
_cDFIL